Исторический материализм. О проблемах единства и многообразия общественного развития Запада и Востока

書目詳細資料
主要作者: Зотов В. Д. Виктор Дмитриевич
語言:俄语
出版: Москва, Прогресс, 1985
主題:
格式: MixedMaterials 圖書
KOHA link:https://koha.lib.tpu.ru/cgi-bin/koha/opac-detail.pl?biblionumber=284670

MARC

LEADER 00000nam0a2200000 4500
001 284670
005 20231031233749.0
020 |a RU  |b 85-22505 
035 |a (RuTPU)RU\TPU\book\308851 
090 |a 284670 
100 |a 20150217d1985 k y0rusy5003 ca 
101 0 |a rus 
102 |a RU 
105 |a y z 001zy 
200 1 |a Исторический материализм. О проблемах единства и многообразия общественного развития Запада и Востока  |f В. Д. Зотов 
210 |a Москва  |c Прогресс  |d 1985 
215 |a 350 с. 
320 |a Библиогр. в примеч. 
606 1 |a Исторический материализм  |2 stltpush  |3 (RuTPU)RU\TPU\subj\13275 
610 1 |a общественное развитие 
610 1 |a Запад 
610 1 |a Восток 
610 1 |a единство 
610 1 |a многообразия 
610 1 |a общественно-экономические формации 
610 1 |a общественное сознание 
610 1 |a социальная революция 
686 |a Ю6  |v LBC/SL-A  |2 rubbk 
700 1 |a Зотов  |b В. Д.  |g Виктор Дмитриевич  |4 070 
801 0 |a RU  |b RuMRKP  |c 19950704  |g psbo 
801 1 |a RU  |b 63413507  |c 20150217 
801 2 |a RU  |b 63413507  |c 20170530  |g RCR 
942 |c BK